00397nam a22001217a 450000500170000000800410001704100080005808200080006610000600007424501040013426000290023830000080026720240807161653.0240807b |||||||| |||| 00| 0 eng d aeng bATT aAttar Swaliha- 2K201011 & Dr. Suvarna Dhamdhere - Guide aA Study of Development of Demand Analytics with Special reference to Jade Global software Pvt. Ltd. aPune bSPPU cMarch-2022 a56p